|
|
|
|
| LEADER |
00675nam a2200169 a 4500 |
| 008 |
0090618r19981994ii 000 0 eng d |
| 020 |
|
|
|a 8174760334
|
| 082 |
0 |
4 |
|a 658.3044
|2 20
|
| 100 |
1 |
|
|a Allard, Lloyd.
|
| 245 |
1 |
0 |
|a How to improve your sales performance /
|c Charley Watkins.
|
| 260 |
|
|
|a New Delhi :
|b UBS Publishers' ;
|c 1994 [reprinted 1998]
|
| 300 |
|
|
|a 295 p. ;
|c 22 cm.
|
| 541 |
1 |
|
|e 00011604
|
| 650 |
|
0 |
|a Sales force management
|
| 852 |
4 |
|
|a Ayesha Abed Library
|j General shelf
|
| 999 |
|
|
|c 1546
|d 1546
|
| 952 |
|
|
|0 0
|1 0
|2 ddc
|4 0
|6 658_304400000000000_ALL
|7 0
|9 1422
|a BRACUL
|b BRACUL
|c GEN
|d 2009-06-28
|g 156.00
|l 4
|m 27
|o 658.3044 ALL
|p 3010011604
|r 2025-04-21
|s 2025-02-23
|t 1
|v 312.00
|w 2009-06-28
|y BK
|